[Event "London Classic Open 2015"]
[Site "London ENG"]
[Date "2015.12.09"]
[Round "7.49"]
[White "Jameson, David"]
[Black "Therrien, Alex L"]
[Result "0-1"]
[BlackTitle "FM"]
[WhiteElo "2088"]
[BlackElo "2252"]
[WhiteFideId "1801538"]
[BlackFideId "412856"]
[EventDate "2015.12.04"]

1. e4 c6 2. d4 d5 3. Nd2 dxe4 4. Nxe4 Nd7 5. Nf3 Ngf6 6. Nc3 g6 7. Be2 Bg7 8.
O-O O-O 9. Bf4 Nb6 10. h3 Bf5 11. Re1 Rc8 12. Bd3 Bxd3 13. Qxd3 e6 14. Rad1 Nbd5
15. Be5 Qb6 16. Nxd5 cxd5 17. Rb1 Qc6 18. c3 b5 19. g3 a5 20. Nd2 Nd7 21. Bxg7
Kxg7 22. Nb3 Qb6 23. Kg2 b4 24. Rec1 a4 25. Nd2 bxc3 26. Rxc3 Rxc3 27. Qxc3 Qb7
28. Rc1 Rb8 29. b3 axb3 30. Nxb3 Qb4 31. Qc7 Rb7 32. Qf4 Ra7 33. Rc2 Qe1 34. Kh2
Ra4 35. Qc7 Rc4 36. Rxc4 Qxf2+ 37. Kh1 dxc4 38. Qxd7 cxb3 39. axb3 Qf3+ 40. Kh2
Qxb3 41. Qd6 Qa2+ 42. Kg1 Qd5 43. Qb4 Qf5 44. h4 Qe4 45. Qc3 Qd5 46. Kh2 h6 47.
Qe3 g5 48. hxg5 hxg5 49. Qd2 Kg6 50. Qe3 Qf5 51. Kg1 Qb1+ 52. Kg2 Qc2+ 53. Kg1
Qf5 54. Kh2 Qd5 55. Kg1 f5 56. Kh2 Qe4 57. Qc3 Kh5 58. Qd2 f4 59. Qd1+ f3 60.
Qh1 Kg4 0-1

[Event "London Classic Open 2015"]
[Site "London ENG"]
[Date "2015.12.09"]
[Round "7.50"]
[White "Salimbeni, George P W"]
[Black "Haussernot, Cecile"]
[Result "0-1"]
[BlackTitle "WFM"]
[WhiteElo "2107"]
[BlackElo "2242"]
[WhiteFideId "404080"]
[BlackFideId "601632"]
[EventDate "2015.12.04"]

1. e4 c5 2. Nf3 d6 3. Bb5+ Nd7 4. d4 cxd4 5. Qxd4 a6 6. Bxd7+ Bxd7 7. O-O e5 8.
Qd3 Be7 9. Nc3 Rc8 10. Re1 h6 11. Nd5 Bb5 12. Qd1 Nf6 13. Nxf6+ Bxf6 14. b3 O-O
15. c4 Bc6 16. Ba3 Be7 17. Qd3 Qc7 18. Rad1 Rfd8 19. Bb4 Rd7 20. Qc3 b6 21. a4
Qb7 22. Qd3 f5 23. Nd2 fxe4 24. Qh3 Rf8 25. Nxe4 a5 26. Ba3 d5 27. Qe6+ Rf7 28.
cxd5 Bxd5 29. Rxd5 Qxd5 30. Qxd5 Rxd5 31. Bb2 Bb4 0-1

[Event "London Classic Open 2015"]
[Site "London ENG"]
[Date "2015.12.09"]
[Round "7.51"]
[White "Britton, Richard L"]
[Black "Foord, Dominic"]
[Result "0-1"]
[WhiteTitle "FM"]
[WhiteElo "2238"]
[BlackElo "2075"]
[WhiteFideId "401692"]
[BlackFideId "415391"]
[EventDate "2015.12.04"]

1. e4 e5 2. Nf3 Nc6 3. Bb5 a6 4. Ba4 Nf6 5. O-O Be7 6. Re1 b5 7. Bb3 d6 8. c3
O-O 9. h3 Nb8 10. d4 Nbd7 11. Nbd2 Bb7 12. Bc2 Re8 13. a4 c5 14. b3 exd4 15.
cxd4 Bf8 16. Bb2 g6 17. e5 Nd5 18. Ne4 Nb4 19. dxc5 Nxc2 20. Qxc2 Bxe4 21. Rxe4
Nxc5 22. Rd4 bxa4 23. bxa4 Rb8 24. Rdd1 d5 25. Ba3 Rc8 26. Bxc5 Rxc5 27. Qd3 Qc8
28. Rab1 Bg7 29. Qd4 Qc6 30. Kh2 Qc7 31. Re1 f6 32. Rb7 Qxb7 33. Qxc5 fxe5 34.
Nd4 Bf8 35. Qc6 Qxc6 36. Nxc6 Bd6 37. Kg1 Kf7 38. Rb1 Ke6 39. Rb6 d4 40. Rxa6
Kd5 41. Kf1 Rc8 42. Na7 Rc1+ 43. Ke2 Rc2+ 44. Kd1 Rxf2 45. Nb5 Bb4 0-1

[Event "London Classic Open 2015"]
[Site "London ENG"]
[Date "2015.12.09"]
[Round "7.52"]
[White "Stigar, Petter"]
[Black "Brugo, Marco"]
[Result "1-0"]
[WhiteTitle "FM"]
[WhiteElo "2233"]
[BlackElo "2071"]
[WhiteFideId "1500341"]
[BlackFideId "806609"]
[EventDate "2015.12.04"]

1. c4 f5 2. Nf3 Nf6 3. g3 d6 4. d4 e6 5. Bg2 Be7 6. O-O O-O 7. Nc3 Ne4 8. Qc2
Nxc3 9. Qxc3 Bf6 10. Be3 Nc6 11. Rad1 a5 12. Qc1 Qe7 13. d5 Ne5 14. Nd4 exd5 15.
Bxd5+ Nf7 16. Qc2 c6 17. Bg2 g6 18. Rfe1 Be6 19. Bc1 Qd7 20. Nxe6 Qxe6 21. e4
Rae8 22. Bd2 Ne5 23. b3 a4 24. exf5 axb3 25. axb3 Qxf5 26. Qxf5 gxf5 27. Bb4 Be7
28. Kf1 Rd8 29. f4 Ng6 30. Re6 Kf7 31. Rde1 Rd7 32. Bh3 Kg7 33. R6e2 Rf7 34. Rd1
d5 35. Bc3+ Bf6 36. Bxf6+ Kxf6 37. Red2 Ke6 38. Re2+ Kf6 39. Red2 Ke6 40. Re1+
Kf6 41. cxd5 Rxd5 42. Rxd5 cxd5 43. Bg2 Rd7 44. Ke2 Re7+ 45. Kd2 Rxe1 46. Kxe1
Ke6 47. Kd2 Kd6 48. Kc3 Ne7 49. Bf1 Kc5 50. b4+ Kd6 51. Bd3 b6 52. Bc2 h6 53.
Bd3 Ke6 54. Bb5 Nc8 55. Kd4 Kd6 56. Be8 Ke6 57. h3 Ne7 58. g4 fxg4 59. hxg4 Kd6
60. b5 Ke6 61. Bh5 Kf6 62. f5 Kg5 63. Ke5 Ng8 64. Kxd5 Nf6+ 65. Kc6 1-0

[Event "London Classic Open 2015"]
[Site "London ENG"]
[Date "2015.12.09"]
[Round "7.53"]
[White "Kalavannan, Koby"]
[Black "Lyell, Mark"]
[Result "1/2-1/2"]
[BlackTitle "FM"]
[WhiteElo "2088"]
[BlackElo "2228"]
[WhiteFideId "425753"]
[BlackFideId "402354"]
[EventDate "2015.12.04"]

1. d4 e6 2. Nf3 f5 3. c4 Nf6 4. Nc3 b6 5. g3 Bb7 6. Bg2 Bb4 7. Qb3 a5 8. O-O O-O
9. Bf4 Na6 10. Rad1 Bxc3 11. Qxc3 Ne4 12. Qc1 Ra7 13. h4 Qe8 14. Nd2 Nxd2 15.
Qxd2 Bxg2 16. Kxg2 d6 17. b3 a4 18. Rfe1 Qc6+ 19. f3 Rfa8 20. d5 exd5 21. cxd5
Qb5 22. Qc2 Qd7 23. Qc3 axb3 24. axb3 Qf7 25. b4 Nb8 26. Rd3 Nd7 27. Re3 Nf6 28.
Rd1 Re8 29. Rxe8+ Qxe8 30. Rd2 Qf7 31. Qd3 Nh5 32. Qc4 h6 33. Be3 Ra1 34. Bf2
Ra7 35. Rc2 Nf6 36. Rd2 Qg6 37. Qc2 Nh5 38. Rd4 Qf7 39. Rc4 g6 40. Qd2 Kh7 41.
Be3 Nf6 42. Rd4 h5 43. Bg5 Nd7 44. Rd3 Ne5 45. Rc3 b5 46. Qd4 Ra8 47. Re3 Re8
48. Kf2 Nd7 49. Rxe8 Qxe8 50. Qe3 Ne5 51. Bf4 Kg7 52. Bxe5+ dxe5 53. Qc3 Qe7 54.
f4 Kf6 55. Qc6+ Qd6 56. Qxd6+ cxd6 57. e3 e4 1/2-1/2

[Event "London Classic Open 2015"]
[Site "London ENG"]
[Date "2015.12.09"]
[Round "7.54"]
[White "Seymour, Timothy P"]
[Black "Lercel, Michal"]
[Result "0-1"]
[WhiteElo "2080"]
[BlackElo "2228"]
[WhiteFideId "412112"]
[BlackFideId "1114700"]
[EventDate "2015.12.04"]

1. e4 e5 2. Nf3 Nc6 3. Bb5 a6 4. Ba4 Nf6 5. O-O Be7 6. d3 b5 7. Bb3 d6 8. a3 O-O
9. Nc3 Bg4 10. Be3 Qd7 11. h3 Bh5 12. Re1 Rae8 13. Nd5 Nxd5 14. Bxd5 Nd8 15. b4
Kh8 16. g4 Bg6 17. Kg2 c6 18. Bb3 Ne6 19. Qd2 f6 20. Nh4 Bf7 21. Nf5 d5 22. c3
Rd8 23. Qa2 Bg8 24. Kg1 Rfe8 25. Nxe7 Rxe7 26. a4 d4 27. cxd4 Nxd4 28. Bxd4 Qxd4
29. axb5 axb5 30. Bxg8 Rxg8 31. Qb3 Rd8 32. Rac1 Rd6 33. Qa3 Ra7 34. Qc3 Qxc3
35. Rxc3 Kg8 36. Rec1 Ra6 37. Kf1 Kf7 38. Ke2 Ke6 39. Ke3 Kd7 40. f4 Rd4 41.
fxe5 fxe5 42. Rf1 Ke6 43. Rfc1 Kd6 44. Rb3 Ra7 45. Rf1 Ra2 46. Rf7 Rh2 47. Rxg7
Rxh3+ 48. Kd2 Rxe4 49. Rxh7 Rxh7 50. dxe4 Rh2+ 51. Kd1 Rg2 52. Rd3+ Kc7 53. Re3
Rxg4 54. Kc2 Rg2+ 55. Kc3 Kb6 56. Rh3 Rg4 57. Kd3 Rg6 58. Rh5 Re6 59. Kc3 c5 60.
bxc5+ Kxc5 61. Rh8 b4+ 62. Kb3 Kd4 63. Rh4 Rb6 64. Rg4 Kd3 65. Rh4 Rd6 66. Kxb4
Rd4+ 67. Kb3 Rxe4 68. Rh8 Re1 69. Rd8+ Ke3 70. Kc2 e4 71. Ra8 Ke2 72. Rh8 Rf1
73. Re8 e3 74. Rh8 Ke1 75. Kd3 e2 76. Ke3 Rg1 77. Rh2 Rg3+ 78. Kf4 Ra3 79. Rh1+
Kd2 80. Rh2 Kd1 0-1

[Event "London Classic Open 2015"]
[Site "London ENG"]
[Date "2015.12.09"]
[Round "7.55"]
[White "Sucikova, Svetlana"]
[Black "Harley, Andrew D"]
[Result "1-0"]
[BlackTitle "FM"]
[WhiteElo "2070"]
[BlackElo "2226"]
[WhiteFideId "14923653"]
[BlackFideId "401390"]
[EventDate "2015.12.04"]

1. c4 Nf6 2. Nc3 c5 3. g3 d5 4. cxd5 Nxd5 5. Bg2 Nc7 6. Qa4+ Qd7 7. Nf3 Nc6 8.
d3 e5 9. Be3 Be7 10. Qe4 f6 11. O-O Nd4 12. Bd2 Nce6 13. Nxd4 Nxd4 14. Nd5 Bd6
15. b4 f5 16. Qh4 Nxe2+ 17. Kh1 O-O 18. bxc5 Bxc5 19. Qc4 Qd6 20. Nf4+ Kh8 21.
Nxe2 Be6 22. Qc2 Rad8 23. Bg5 Rd7 24. Rad1 f4 25. d4 f3 26. Bxf3 Rxf3 27. Qxc5
Bh3 28. Qxd6 Rxd6 29. dxe5 Rxf2 30. exd6 Bxf1 31. d7 1-0

[Event "London Classic Open 2015"]
[Site "London ENG"]
[Date "2015.12.09"]
[Round "7.56"]
[White "Fraser-Mitchell, Jeremy N"]
[Black "Stephan, Axel"]
[Result "0-1"]
[WhiteElo "2062"]
[BlackElo "2222"]
[WhiteFideId "405000"]
[BlackFideId "4632834"]
[EventDate "2015.12.04"]

1. d4 Nf6 2. c4 g6 3. Nc3 Bg7 4. e4 O-O 5. Bg5 c5 6. d5 d6 7. f3 h6 8. Be3 a6 9.
Qd2 Kh7 10. a4 Qa5 11. Ra3 Qc7 12. Bd3 Nbd7 13. Nh3 Ne5 14. Nf2 e6 15. Be2 exd5
16. cxd5 Qa5 17. O-O Re8 18. Rb1 Bd7 19. b4 cxb4 20. Na2 b5 21. Rxb4 Rec8 22. h3
Rab8 23. f4 Nc4 24. Bxc4 Rxc4 25. axb5 Qxa3 26. Rxc4 axb5 27. Rc7 b4 28. Ra7 Qb3
29. Rc7 Be8 30. Ba7 Rb5 31. Bd4 Nxe4 32. Nxe4 Rxd5 33. Nc1 Qb1 34. Kh2 Rxd4 0-1

[Event "London Classic Open 2015"]
[Site "London ENG"]
[Date "2015.12.09"]
[Round "7.57"]
[White "Myall, Ivan J"]
[Black "Kugler, Florian"]
[Result "0-1"]
[WhiteElo "2048"]
[BlackElo "2213"]
[WhiteFideId "425168"]
[BlackFideId "4633300"]
[EventDate "2015.12.04"]

1. e4 c5 2. c3 d5 3. exd5 Qxd5 4. d4 g6 5. Nf3 Bg7 6. Be3 Nh6 7. Qd2 Nf5 8. dxc5
Nxe3 9. Qxe3 Nc6 10. Na3 O-O 11. Bc4 Qh5 12. O-O Bh6 13. Qe4 Qxc5 14. Qh4 Bg7
15. Ng5 h6 16. Ne4 Qf5 17. f3 Be6 18. Be2 Bd5 19. Ng3 Qe6 20. Kh1 Bxa2 21. Rfe1
Bb3 22. Bc4 Bxc4 23. Rxe6 Bxe6 24. Ne4 b6 25. Nb5 Rac8 26. Qg3 Rfd8 27. h4 Be5
28. f4 Bb8 29. Qe3 Rd5 30. Na3 Rcd8 31. Rg1 Rd3 32. Qc1 Bf5 33. Nf2 Rd2 34. Qe1
Bxf4 35. Nc4 R2d5 36. g3 b5 37. Ne3 Bxe3 38. Qxe3 Rd2 39. b4 h5 40. Rf1 Rc2 41.
Rd1 Rxd1+ 42. Nxd1 f6 43. Nf2 Ne5 44. Qxa7 Bd7 45. Qe3 Bc6+ 46. Kg1 Bf3 47. Kf1
Rb2 48. Nd3 Rb1+ 49. Ne1 Bd5 50. Qd2 e6 51. Ke2 Ra1 52. c4 Bxc4+ 53. Ke3 Ra3+
54. Kd4 Rd3+ 55. Qxd3 Nxd3 56. Nxd3 e5+ 57. Nxe5 fxe5+ 58. Kxe5 Kf7 0-1

[Event "London Classic Open 2015"]
[Site "London ENG"]
[Date "2015.12.09"]
[Round "7.58"]
[White "Barj, Julien"]
[Black "Praczukowski, Stanislaw"]
[Result "1-0"]
[WhiteElo "2207"]
[BlackElo "2038"]
[WhiteFideId "629200"]
[BlackFideId "1182730"]
[EventDate "2015.12.04"]

1. e4 e5 2. Nf3 Nc6 3. Bb5 a6 4. Ba4 Nf6 5. O-O Be7 6. Re1 b5 7. Bb3 O-O 8. h3
Bb7 9. d3 d5 10. exd5 Nxd5 11. Nxe5 Nxe5 12. Rxe5 Qd6 13. Re1 Rad8 14. Qf3 Ba8
15. Nd2 Rfe8 16. Ne4 Qg6 17. Qg3 Qh5 18. Bg5 Bxg5 19. Qxg5 Qxg5 20. Nxg5 h6 21.
Rxe8+ Rxe8 22. Nf3 Nf4 23. Re1 Kf8 24. Rxe8+ Kxe8 25. Ne1 Ke7 26. f3 f6 27. Kf2
c5 28. Ke3 g5 29. h4 Kd6 30. hxg5 hxg5 31. c3 a5 32. a3 Bc6 33. Bf7 Ke7 34. g3
Nh3 35. Bg6 Ke6 36. Be4 Bd7 37. f4 Kd6 38. b4 axb4 39. axb4 gxf4+ 40. gxf4 cxb4
41. cxb4 Bg4 42. Nc2 Bd7 43. Nd4 1-0

[Event "London Classic Open 2015"]
[Site "London ENG"]
[Date "2015.12.09"]
[Round "7.59"]
[White "Semprun Martinez, Fernando"]
[Black "Bullen, Alex"]
[Result "0-1"]
[WhiteElo "2200"]
[BlackElo "2026"]
[WhiteFideId "2203170"]
[BlackFideId "1801627"]
[EventDate "2015.12.04"]

1. e4 c6 2. d4 d5 3. e5 Bf5 4. Nf3 e6 5. Be2 c5 6. Be3 cxd4 7. Nxd4 Ne7 8. O-O
Nbc6 9. Bb5 a6 10. Bxc6+ bxc6 11. c4 Qd7 12. Nc3 dxc4 13. Qf3 Bd3 14. Rfd1 Nd5
15. Rac1 Bb4 16. Ne4 O-O 17. a3 Be7 18. Nd2 c3 19. bxc3 Bxa3 20. Ra1 Bb2 21. Ra2
Bxc3 22. Ne4 Bxe4 23. Qxe4 Bb4 24. Nc2 a5 25. Qc4 Qc7 26. Bd4 Rfd8 27. Rda1 c5
28. Bb2 Nb6 29. Qe4 Nd5 30. Qc4 h6 31. h4 Nb6 32. Qe4 Bd2 33. Na3 c4 34. Bd4 c3
35. Bxb6 Qxb6 36. Nc4 Qd4 37. Nxd2 cxd2 38. Qxd4 Rxd4 39. Rd1 a4 40. g3 a3 41.
Kf1 h5 42. Ke2 Re4+ 43. Kxd2 Rd8+ 0-1

[Event "London Classic Open 2015"]
[Site "London ENG"]
[Date "2015.12.09"]
[Round "7.60"]
[White "Juknis, Paulius"]
[Black "Iyengar, Ilya"]
[Result "1-0"]
[WhiteElo "2192"]
[BlackElo "2023"]
[WhiteFideId "12802247"]
[BlackFideId "405949"]
[EventDate "2015.12.04"]

1. Nf3 Nf6 2. c4 g6 3. b4 Bg7 4. Bb2 O-O 5. g3 c6 6. Bg2 d5 7. Na3 Bg4 8. O-O
Nbd7 9. d3 Re8 10. Rc1 e5 11. cxd5 Nxd5 12. b5 c5 13. Nc4 b6 14. Nfd2 Be6 15.
Nd6 Re7 16. N2c4 Rb8 17. e3 Nc7 18. Rc2 Ne8 19. Ne4 h6 20. g4 Kh7 21. g5 Bd5 22.
gxh6 Bxh6 23. Ng5+ Bxg5 24. Bxd5 f5 25. Bc6 Bf6 26. Qf3 Nf8 27. Rd2 Nd6 28. Rfd1
Qc7 29. Qg3 Nxc4 30. dxc4 Kg7 31. Rd6 Kf7 32. f4 Bg7 33. Bxe5 Bxe5 34. fxe5 Kg7
35. Kh1 Kg8 36. Rg1 Rg7 37. Qh4 Rh7 38. Rdxg6+ Nxg6 39. Rxg6+ Kf8 40. Qf6+ Rf7
41. Qh8+ Ke7 42. Qh4+ Kf8 43. Qh6+ Rg7 44. Qh8+ 1-0

[Event "London Classic Open 2015"]
[Site "London ENG"]
[Date "2015.12.09"]
[Round "7.61"]
[White "Van De Perre, Tom"]
[Black "Coleman, David J"]
[Result "0-1"]
[BlackTitle "CM"]
[WhiteElo "2042"]
[BlackElo "2176"]
[WhiteFideId "209040"]
[BlackFideId "402087"]
[EventDate "2015.12.04"]

1. e4 c5 2. Nf3 d6 3. d4 cxd4 4. Qxd4 a6 5. h3 Nc6 6. Qe3 g6 7. c4 Bg7 8. Be2
Qa5+ 9. Nc3 Be6 10. O-O Qc5 11. Qxc5 dxc5 12. Ng5 Bd7 13. Nd5 Rd8 14. Rd1 Nd4
15. Kf1 Bc6 16. Rb1 h6 17. Nf3 e6 18. Nc3 Ne7 19. Be3 O-O 20. Rbc1 b6 21. Nd2 f5
22. exf5 Nexf5 23. Kg1 Rd7 24. Bd3 Rfd8 25. Bxf5 exf5 26. Kf1 g5 27. Bxd4 Bxd4
28. Ndb1 b5 29. b3 Re8 30. Re1 Rde7 31. f3 g4 32. hxg4 fxg4 33. Rxe7 Rxe7 34.
Re1 Rxe1+ 35. Kxe1 bxc4 36. fxg4 cxb3 37. axb3 Bxg2 38. Ke2 Kg7 39. Nd1 Bd5 40.
Nd2 Kf6 41. Kd3 Kg5 42. b4 Kxg4 43. bxc5 Bxc5 44. Ne3+ Bxe3 45. Kxe3 h5 46. Kd4
Bg2 47. Nc4 h4 48. Ne3+ Kf3 49. Nf5 h3 50. Nh4+ Kf2 0-1

[Event "London Classic Open 2015"]
[Site "London ENG"]
[Date "2015.12.09"]
[Round "7.62"]
[White "Niccoli, Tony"]
[Black "Murphy, Hugh W"]
[Result "1/2-1/2"]
[WhiteElo "2009"]
[BlackElo "2168"]
[WhiteFideId "432946"]
[BlackFideId "422444"]
[EventDate "2015.12.04"]

1. e4 c6 2. d4 d5 3. exd5 cxd5 4. Bd3 Nc6 5. c3 Qc7 6. h3 g6 7. Ne2 Nf6 8. Bf4
Qb6 9. Na3 a6 10. Qb3 Qd8 11. c4 Na5 12. Qc3 dxc4 13. Nxc4 Nxc4 14. Bxc4 Bg7 15.
O-O O-O 16. Qf3 Ra7 17. Qa3 Qd7 18. Bb8 Ra8 19. Be5 b5 20. Bd3 Bb7 21. Rac1 Rac8
22. Qa5 Nd5 23. Bxg7 Kxg7 24. Be4 Nf6 25. Bxb7 Qxb7 26. Qd2 Qd5 27. Nc3 Qd6 28.
Rfe1 e6 29. Ne4 Nxe4 30. Rxe4 Qd5 31. Rh4 Rxc1+ 32. Qxc1 h5 33. Qe3 Rd8 34. b3
a5 35. Re4 Qc6 36. Re5 Rd5 37. Rxd5 Qxd5 38. Qe5+ Qxe5 39. dxe5 g5 40. g3 g4 41.
hxg4 hxg4 42. f4 gxf3 43. Kf2 Kg6 44. g4 Kg5 45. Kxf3 Kh4 46. Kf4 b4 47. Kf3 Kh3
48. Kf4 Kg2 49. g5 Kf2 50. g6 fxg6 51. Kg5 Kf3 52. Kf6 g5 53. Kxe6 g4 54. Kd5 g3
55. e6 g2 56. e7 g1=Q 57. e8=Q Qd1+ 58. Kc4 Qc2+ 59. Kb5 Qxa2 60. Qa8+ Kf2 61.
Qxa5 Qxb3 62. Qxb4 Qxb4+ 63. Kxb4 1/2-1/2

[Event "London Classic Open 2015"]
[Site "London ENG"]
[Date "2015.12.09"]
[Round "7.63"]
[White "Obioma Onuoha"]
[Black "Riedener, Toni"]
[Result "1/2-1/2"]
[WhiteElo "2165"]
[BlackElo "2005"]
[WhiteFideId "8505837"]
[BlackFideId "1302698"]
[EventDate "2015.12.04"]

1. e4 c5 2. Nf3 d6 3. d4 cxd4 4. Nxd4 Nf6 5. Nc3 a6 6. Bg5 Nbd7 7. Bc4 e6 8. O-O
b5 9. Bxe6 fxe6 10. Nxe6 Qb6 11. Nd5 Nxd5 12. Qxd5 Nb8 13. Qxa8 Bxe6 14. Be3 Qd8
15. f4 Be7 16. Bd4 O-O 17. f5 Bc4 18. Rf4 Bf6 19. Qa7 Nc6 20. Bxf6 Qxf6 21. Qxa6
Qd4+ 22. Kh1 Ne5 23. Qa3 Qd2 24. Rh4 Qxc2 25. Qxd6 Qxb2 26. Rg1 Qf2 27. Rh3 Ng4
28. Rf3 Be2 29. Qg3 Bxf3 30. gxf3 Qxg3 31. hxg3 Ne3 32. Rb1 Nxf5 33. exf5 Rxf5
34. Kg2 Rc5 35. Rb2 Kf7 36. Re2 Rc3 37. Rb2 Ra3 38. Rxb5 Rxa2+ 39. Kh3 Ra3 40.
Rb7+ Kf6 41. f4 Ra6 42. Kg4 h6 43. Rb5 Rc6 44. Rf5+ Ke6 45. Ra5 Kf6 46. Kh5 Rc3
47. Kg4 Rc6 48. Rf5+ Ke6 49. Rf8 Ke7 50. Rf5 1/2-1/2

[Event "London Classic Open 2015"]
[Site "London ENG"]
[Date "2015.12.09"]
[Round "7.64"]
[White "Ethelontis, Alexandros N"]
[Black "Grigoryan, Meri"]
[Result "0-1"]
[BlackTitle "WFM"]
[WhiteElo "2162"]
[BlackElo "1983"]
[WhiteFideId "405469"]
[BlackFideId "13300571"]
[EventDate "2015.12.04"]

1. c4 e5 2. g3 Nc6 3. Nc3 f5 4. Nf3 Nf6 5. d4 e4 6. Nh4 d5 7. Bg5 Be7 8. e3 Be6
9. Ng2 dxc4 10. Nf4 Bf7 11. Qa4 O-O 12. Bxc4 Qd6 13. a3 a6 14. Bxf7+ Rxf7 15.
Rc1 h6 16. Bxf6 Bxf6 17. h4 Rc8 18. Qc4 Na5 19. Qd5 Qxd5 20. Ncxd5 c5 21. b4 Nb3
22. Rc3 c4 23. Nb6 Rc6 24. Nfd5 Rf8 25. Nxc4 Rfc8 26. Rxb3 Rxc4 27. Nxf6+ gxf6
28. O-O Rc2 29. b5 a5 30. b6 Ra2 31. Kg2 Rcc2 32. Rb5 Rxa3 33. Rxf5 Kg7 34. Rb1
Rxe3 35. Rxa5 Rf3 36. Rf1 Rb3 37. Re1 Rf3 38. Rxe4 Rfxf2+ 39. Kh3 f5 40. Re7+
Kf6 41. Rxf5+ Kxf5 42. g4+ Kf4 43. Rf7+ Ke4 44. Re7+ Kf3 45. Rf7+ Ke2 46. Re7+
Kf1 47. g5 h5 48. Re3 Rh2+ 49. Kg3 Rcg2+ 50. Kf4 Rxh4+ 51. Ke5 Rxg5+ 52. Kd6
Rxd4+ 53. Kc7 Rg7+ 54. Kb8 h4 55. Rc3 Rh7 56. Rc7 Rxc7 57. bxc7 Rc4 58. Kxb7
Rxc7+ 59. Kxc7 h3 0-1

[Event "London Classic Open 2015"]
[Site "London ENG"]
[Date "2015.12.09"]
[Round "7.66"]
[White "Sielicki, Tomasz"]
[Black "Hill, Alistair"]
[Result "1-0"]
[WhiteElo "1948"]
[BlackElo "2157"]
[WhiteFideId "1111400"]
[BlackFideId "432407"]
[EventDate "2015.12.04"]

1. d4 Nf6 2. Bg5 c5 3. d5 Ne4 4. Bf4 Qb6 5. Nd2 Qxb2 6. Nxe4 Qb4+ 7. c3 Qxe4 8.
e3 g5 9. Bg3 Bg7 10. Rc1 d6 11. Nf3 Qg6 12. h4 h6 13. h5 Qh7 14. Bd3 f5 15. O-O
O-O 16. Nd2 Nd7 17. f4 gxf4 18. Bxf4 Ne5 19. Bb1 c4 20. Nf3 Nd7 21. Nh4 Nc5 22.
g4 Nd3 23. Ng6 Rf7 24. Bxd3 cxd3 25. Qxd3 fxg4 26. Bg3 Bf6 27. Rf2 Bd7 28. Rcf1
Be8 29. Bxd6 Bh4 30. Rxf7 Bxf7 31. Nxe7+ Bxe7 32. Qxh7+ Kxh7 33. Rxf7+ Kg8 34.
Rxe7 Rd8 35. Re6 1-0

[Event "London Classic Open 2015"]
[Site "London ENG"]
[Date "2015.12.09"]
[Round "7.67"]
[White "Kalaiyalahan, Akshaya"]
[Black "Brozel, Sacha"]
[Result "1-0"]
[WhiteElo "2157"]
[BlackElo "1801"]
[WhiteFideId "422894"]
[BlackFideId "429317"]
[EventDate "2015.12.04"]

1. d4 Nf6 2. c4 e6 3. Nf3 b6 4. g3 Ba6 5. Qa4 Be7 6. Bg2 O-O 7. Ne5 d5 8. O-O c6
9. Nc3 Qc8 10. cxd5 cxd5 11. Bf4 Qb7 12. Rfc1 Nbd7 13. Nxd7 Nxd7 14. Nxd5 exd5
15. Rc7 b5 16. Rxb7 bxa4 17. Rxd7 Rfe8 18. Bxd5 Rac8 19. e4 Rc2 20. Rxa7 Be2 21.
Rxa4 g5 22. Be3 Rxb2 23. Ra7 Bf3 24. a4 Kg7 25. Rc1 Kf8 26. Bxg5 1-0

[Event "London Classic Open 2015"]
[Site "London ENG"]
[Date "2015.12.09"]
[Round "7.68"]
[White "Rocco, Federico"]
[Black "Bates, Caspar J"]
[Result "0-1"]
[WhiteElo "1855"]
[BlackElo "2154"]
[WhiteFideId "431362"]
[BlackFideId "414760"]
[EventDate "2015.12.04"]

1. e4 e5 2. Nf3 Nc6 3. Bb5 a6 4. Ba4 Nf6 5. O-O Be7 6. Re1 b5 7. Bb3 d6 8. c3
O-O 9. h3 Na5 10. Bc2 c5 11. d4 Qc7 12. Nbd2 cxd4 13. cxd4 Bb7 14. Bd3 Rac8 15.
Nf1 exd4 16. Bf4 Qb6 17. Ng3 Rfe8 18. Nf5 Nc4 19. Qb3 Nd7 20. N3xd4 Nc5 21. Qc3
Ne5 22. Nxe7+ Rxe7 23. Nf5 Re6 24. Rac1 Qd8 25. Bxe5 dxe5 26. Red1 Qf8 27. Qd2
g6 28. Ng3 Rd6 29. Qe3 Nxd3 30. Rxc8 Qxc8 31. Rxd3 Rxd3 32. Qxd3 Qc1+ 33. Kh2
Qc5 34. Qd8+ Kg7 35. Qg5 Qc7 36. Nh5+ Kf8 37. Nf6 h5 38. Qh6+ Ke7 39. Ng8+ Kd7
40. Qf8 Kc6 41. Nh6 Kb6 42. Qxf7 Bxe4 43. Qe6+ Qc6 44. Qxe5 Qc7 45. Nf7 Qxe5+
46. Nxe5 Kc5 47. Kg3 Kd4 48. f4 Ke3 49. Nd7 a5 50. Nc5 Bd5 51. a3 a4 52. Na6 Kd2
53. Nc7 Bc4 54. Kh4 Kc2 55. f5 gxf5 56. Kxh5 Kxb2 57. Kg6 Kxa3 58. h4 b4 59. h5
f4 60. h6 b3 61. Kg7 Bd3 62. Nd5 b2 63. Nxf4 Bc2 64. g4 b1=Q 65. g5 Qb7+ 66. Kf6
Qe4 67. Kg7 Qe5+ 68. Kg8 Qxg5+ 69. Kh8 Qxh6+ 70. Kg8 Bb3+ 71. Ne6 Bxe6# 0-1

[Event "London Classic Open 2015"]
[Site "London ENG"]
[Date "2015.12.09"]
[Round "7.69"]
[White "Klingher, Dominic"]
[Black "Lam, Daniel King-wai"]
[Result "0-1"]
[WhiteElo "1758"]
[BlackElo "2147"]
[WhiteFideId "428850"]
[BlackFideId "6001238"]
[EventDate "2015.12.04"]

1. e4 e6 2. d3 d5 3. Nc3 Nf6 4. Qe2 d4 5. Nd1 e5 6. f4 exf4 7. Bxf4 Nc6 8. Nf3
Be7 9. g3 O-O 10. Bg2 Bg4 11. O-O Nh5 12. Nf2 Be6 13. c3 Nxf4 14. gxf4 dxc3 15.
bxc3 f5 16. Ne5 Nxe5 17. fxe5 c6 18. d4 fxe4 19. Bxe4 Qd7 20. Rad1 b5 21. Kh1
Rf4 22. Bg2 Raf8 23. Nd3 Rxf1+ 24. Rxf1 Rxf1+ 25. Bxf1 Bd5+ 26. Bg2 g5 27. Kg1
Qe6 28. h4 h6 29. hxg5 hxg5 30. Kh2 a5 31. Bh3 Qg6 32. a4 Bc4 33. Bf1 bxa4 34.
Qf3 Bd5 35. Qh3 Qh7 36. Qxh7+ Kxh7 37. Nc1 Ba3 38. c4 Be6 39. Bd3+ Kg7 40. Ne2
Bb2 41. d5 Bxe5+ 42. Kg1 cxd5 43. cxd5 Bxd5 44. Bb1 Bb2 0-1